<?xml version="1.0" encoding="UTF-8"?>
<collection xmlns="http://www.loc.gov/MARC21/slim">
 <record>
  <leader>00803pamaa2200229   4500</leader>
  <controlfield tag="001">0000052302</controlfield>
  <controlfield tag="005">20140303090000.0</controlfield>
  <controlfield tag="008">140228s2012                                  </controlfield>
  <datafield tag="020" ind1="0" ind2="0">
   <subfield code="a">9787894562258 (DVD) </subfield>
  </datafield>
  <datafield tag="090" ind1="0" ind2="0">
   <subfield code="a">RC106 </subfield>
   <subfield code="b">LI 2012</subfield>
  </datafield>
  <datafield tag="100" ind1="1" ind2="1">
   <subfield code="a">Li Sai Mei </subfield>
  </datafield>
  <datafield tag="245" ind1="1" ind2="0">
   <subfield code="a">Handouts of Treatise on Febrile Diseases [</subfield>
   <subfield code="m">DVD] = </subfield>
   <subfield code="l">Shang Han Lun Jiang Yi  </subfield>
   <subfield code="c">Li Sai Mei, Li Yu Hang.</subfield>
  </datafield>
  <datafield tag="250" ind1="0" ind2="0">
   <subfield code="a">1st ed.</subfield>
  </datafield>
  <datafield tag="260" ind1="0" ind2="0">
   <subfield code="a">Beijing: </subfield>
   <subfield code="b">People's Medical Publishing House (PMPH), </subfield>
   <subfield code="c">2012.</subfield>
  </datafield>
  <datafield tag="300" ind1=" " ind2=" ">
   <subfield code="a">1 DVD; </subfield>
   <subfield code="c">4.5 inch.</subfield>
  </datafield>
  <datafield tag="500" ind1="0" ind2="0">
   <subfield code="a">In Chinese</subfield>
  </datafield>
  <datafield tag="500" ind1="0" ind2="0">
   <subfield code="a">To accompany textbook titled &quot;Handouts of Treatise on Febrile Diseases = Shang Han Lun Jiang Yi / Li Sai Mei, Li Yu Hang&quot;</subfield>
  </datafield>
  <datafield tag="501" ind1="0" ind2="0">
   <subfield code="a">CTCM</subfield>
  </datafield>
  <datafield tag="650" ind1="0" ind2="0">
   <subfield code="a">Medicine, Chinese </subfield>
  </datafield>
  <datafield tag="650" ind1="0" ind2="0">
   <subfield code="a">Fever </subfield>
  </datafield>
  <datafield tag="700" ind1="1" ind2="1">
   <subfield code="a">Li Yu Hang </subfield>
  </datafield>
  <datafield tag="901" ind1=" " ind2=" ">
   <subfield code="u">http://http://www.pmph.com</subfield>
  </datafield>
 </record>
</collection>
